000 00536nam a2200181Ia 4500
008 120903t1981 xxu||||| |||| 00| 0 sin d
041 _asin
080 _a8 S. 03 : 820 - 32
_bAND
100 _aAnderson,Kristian Hans
245 _aහිම යුවතිය සහ වෙනත් කථා
246 _aHima Yuwathiya Saha Wenath Katha
260 _aM. D. Gunasena
_aColombo
_c1981
300 _b451p, 18 cm
700 _aHemaloka Himi,Urapola
_etr.
942 _cBK
999 _c39781
_d39781
003 LK-CoDNM
040 _aLK-CoDNM
_dLK-CoDNM
_eLK-CoDNM